| 000 | 06767namaa22004451i 4500 | ||
|---|---|---|---|
| 003 | EG-GICUC | ||
| 005 | 20260429223910.0 | ||
| 008 | 260429s2025 ua a|||frm||| 000 0 eng d | ||
| 040 |
_aEG-GICUC _beng _cEG-GICUC _dEG-GICUC _erda |
||
| 041 | 0 |
_aeng _beng _bara |
|
| 049 | _aDeposit | ||
| 082 | 0 | 4 | _a618.392 |
| 092 |
_a618.392 _221 |
||
| 097 | _aPh.D | ||
| 099 | _aCai01.11.15.M.Sc.2025.Am.E | ||
| 100 | 0 |
_aAmany Hamdy Ahmed Salama, _epreparation. |
|
| 245 | 1 | 0 |
_aEarly pregnancy ultrasound parameters including corpus luteum Doppler in prediction of first trimester pregnancy outcome in spontaneous pregnancies / _cby Amany Hamdy Ahmed Salama ; Supervised Dr.Rana Mohamed AbdelSamie’ Abdella, Dr.Dalia Samir Zolfakar, Dr.Shaimaa Mostafa Elshemy. |
| 246 | 1 | 5 | _aمؤشرات الموجات فوق الصوتية للحمل المبكر بما في ذلك دوبلر الجسم الاصفر في التنبؤ بنتائج الحمل في الثلث الاول في حالات الحمل التلقائي |
| 264 | 0 | _c2025. | |
| 300 |
_a111 pages : _billustrations ; _c25 cm. + _eCD. |
||
| 336 |
_atext _2rda content |
||
| 337 |
_aUnmediated _2rdamedia |
||
| 338 |
_avolume _2rdacarrier |
||
| 502 | _aThesis (M.Sc)-Cairo University, 2025. | ||
| 504 | _aBibliography: pages 95-111. | ||
| 520 | 3 | _aBackground: Early pregnancy loss remains the most common complication of the first trimester. Accurate prediction of pregnancy outcome is of great clinical importance. Transvaginal ultrasound provides reliable markers in early pregnancy, including gestational sac diameter (GSD), yolk sac diameter (YSD), crown-rump length (CRL), and fetal heart rate (FHR). In addition, corpus luteum (CL) Doppler indices may reflect luteal blood flow and progesterone production, and thus help predict the fate of pregnancy. Aim of the Work: To evaluate the role of early pregnancy ultrasound parameters including corpus luteum Doppler in predicting first-trimester pregnancy outcome in spontaneous pregnancies. Patients and Methods: This prospective observational study was conducted on 120 pregnant women attending Kasr Al-Ainy Hospital, Cairo University, between January and June 2025. All participants were examined by transvaginal ultrasound at 6-, 8-, 10-, and 12-weeks’ gestation. Parameters assessed included GSD, YSD, CRL, FHR, and corpus luteum Doppler indices (RI and PI). By 12-13 weeks, patients were classified into two groups: ongoing pregnancy or miscarriage. Data were analyzed and compared between both groups using appropriate statistical tests. Results: CRL, FHR, and CL Doppler indices (RI and PI) showed statistically significant differences between ongoing and miscarriage groups, with higher predictive accuracy than GSD and YSD in early Abstract vi weeks. ROC curve analysis demonstrated that CL Doppler indices had good discriminative ability, with sensitivity and specificity exceeding 75% for miscarriage prediction. Conclusion: Early pregnancy ultrasound parameters, particularly CRL and FHR, together with corpus luteum Doppler indices, are valuable non- invasive predictors of first-trimester pregnancy outcome. Incorporating these parameters into routine early pregnancy assessment may improve prediction and allow timely counseling and management. | |
| 520 | 3 | _aيمثل الفحص بالموجات فوق الصوتية في الحمل المبكر اداة اساسية لتاكد حيوية الحمل وتحديد العمر الجيني بدقة والكشف عن الانحرافات المبكرة التي قد تنبئ بنتائج سلبية وتشمل المؤشرات المهمة في هذا التقييم قطر كيس الحملي قطر كيس الصفار طول الجنين من الراس الي المقعدة ومعدل ضربات القلب الجنيني حيث تعكس هذة القياسات النمو والتطور الجيني كما ان وظيفة الجسم الاصفر التي يتم تقيمها من خلال دوبلر باستخدام مؤشرات مثل معامل المقاومة ومعامل النيضية التي تعد عنصرا حاسما للحفاظ علي الحمل خلال الثلث الاول وتشير الاضطراابات في هذة الموشيرات الي ذيادة احتمالية فقدان الحمل المبكر مما يؤكد قيمتها في التنبؤ بمؤشر الحمل خلال الثلث الاول اجريت هذة الدراسة بجامعة القاهرة وشملت 120 سيدة لديهن حمل مفرد حي بين الاسبوع السادس والثاني عشر من الحمل تضمنت معاير الادراج السيدات اقل من 40 عاما مع تائكيد وجود حمل رحمي حي بينما استبعدت الحالات المصابة بحمل خارج الرحم او الحمل المتعدد او العلة الكيسية العنقودية او العيوب الرحمية او الامراض الطبية المزمنة الكبري او الاجهاض في الزيادة الاولي تم اجراء فحص بالموجات فوق الصوتية المهبلية اسبوعيا لقياس الصطر الكيسي الحمليقطر كيس الصفار طول الجنين من الرئس الي المقعدة ومعدل ضربات القلب الجيني بالاضافة الي دوبلر الجسم الاصفر واعيد تقييم النتائج في الاسبوع الرابع عشر لتاكد استمرار الحمل او تشخيص الاجهاض المنسي تم تحليل البينات باستخدام اختبار ت واختبار كاي تربيع وتحليل منحني خضائص التشغيل المستقبلية مع اعتبار مستوي الدلالة عند اقل من او يساوي 0,05 | |
| 530 | _aIssues also as CD. | ||
| 546 | _aText in English and abstract in Arabic & English. | ||
| 650 | 0 | _aEarly pregnancy | |
| 650 | 0 | _aالحمل المبكر | |
| 653 | 0 |
_aEarly pregnancy loss _afirst trimester, _aultrasound parameter _acorpus luteum doppler _aDoppler indices _apregnancy outcome _aspontaneous conception _amiscarriage prediction _aresistance index _apulsatility index |
|
| 700 | 0 |
_aRana Mohamed AbdelSamie’ Abdella _ethesis advisor. |
|
| 700 | 0 |
_aDalia Samir Zolfakar _ethesis advisor. |
|
| 700 | 0 |
_aShaimaa Mostafa Elshemy _ethesis advisor. |
|
| 900 |
_b01-01-2025 _cRana Mohamed AbdelSamie’ Abdella _cDalia Samir Zolfakar _cShaimaa Mostafa Elshemy _UCairo University _FFaculty of Medicine _DDepartment of Obstetrics and Gynaecology |
||
| 905 | _aShimaa | ||
| 942 |
_2ddc _cTH _e21 _n0 |
||
| 999 | _c179840 | ||